| 000 | 00974cam a2200241 a 4500 | ||
|---|---|---|---|
| 001 | 12245525 | ||
| 005 | 20250317163316.0 | ||
| 008 | 001130s2001 ii ab b 001 0 eng | ||
| 020 | _a0761994750 (cloth) | ||
| 020 | _a0761994769 (pbk.) | ||
| 050 | 0 | 0 |
_aHD76 _b.M45 2001 |
| 082 | 0 | 0 |
_a338.9/009172/4 _221 |
| 100 | 1 |
_aMelkote, Srinivas R., _d1952- |
|
| 245 | 1 | 0 |
_aCommunication for development in the Third World : _btheory and practice for empowerment / _cSrinivas R. Melkote, H. Leslie Steeves. |
| 250 | _a2nd ed. | ||
| 260 |
_aNew Delhi ; _aThousand Oaks, CA : _bSage Publications, _c2001. |
||
| 300 |
_a422 p. : _bill., maps ; _c23 cm. |
||
| 650 | 0 |
_aCommunication in economic development _zDeveloping countries. |
|
| 700 | 1 | _aSteeves, H. Leslie. | |
| 856 | 4 | 2 |
_3Publisher description _uhttp://www.loc.gov/catdir/enhancements/fy0657/00065808-d.html |
| 856 | 4 | 1 |
_3Table of contents only _uhttp://www.loc.gov/catdir/enhancements/fy0657/00065808-t.html |
| 942 |
_2lcc _cBK _n0 |
||
| 999 |
_c4889 _d4889 |
||